00334pab a2200121 454500008004000000100001600040245007800056260000900134300001300143362001800156650001600174773002200190180718b1999 xxu||||| |||| 00| 0 eng d aJames, Alan aThe practice of sovereign statehood in contemporary international society c1999 ap.457-73 aSpecial Issue aSovereignty aPolitical Studies